<?xml version="1.0" encoding="UTF-8"?>
<record
    xmlns:xsi="http://www.w3.org/2001/XMLSchema-instance"
    xsi:schemaLocation="http://www.loc.gov/MARC21/slim http://www.loc.gov/standards/marcxml/schema/MARC21slim.xsd"
    xmlns="http://www.loc.gov/MARC21/slim">

  <leader>00851nam a22002295i 4500</leader>
  <controlfield tag="001">154879</controlfield>
  <controlfield tag="003">ES-MaACL</controlfield>
  <controlfield tag="005">20250805075348.0</controlfield>
  <controlfield tag="008">991018s1875    it a         |||| | ita d</controlfield>
  <datafield tag="100" ind1="1" ind2=" ">
    <subfield code="a">Guhl, E.</subfield>
    <subfield code="9">127611</subfield>
  </datafield>
  <datafield tag="245" ind1="1" ind2="3">
    <subfield code="a">La vita dei greci e dei romani / </subfield>
    <subfield code="c">ricavata dagli antichi monumenti da E. Guhl e W. Koner ; traduzione sulla terza edizione originale di Carlo Giussani.</subfield>
  </datafield>
  <datafield tag="260" ind1=" " ind2=" ">
    <subfield code="a">Roma ; </subfield>
    <subfield code="a">Torino ; </subfield>
    <subfield code="a">Firenze : </subfield>
    <subfield code="b">Ermanno Loescher, </subfield>
    <subfield code="c">1875.</subfield>
  </datafield>
  <datafield tag="300" ind1=" " ind2=" ">
    <subfield code="a">XX, 763 p. : </subfield>
    <subfield code="b">il. ; </subfield>
    <subfield code="c">23 cm.</subfield>
  </datafield>
  <datafield tag="650" ind1=" " ind2="4">
    <subfield code="a">Civilizaci&#xF3;n griega.</subfield>
    <subfield code="9">137206</subfield>
  </datafield>
  <datafield tag="650" ind1="0" ind2="7">
    <subfield code="a">Civilizaci&#xF3;n romana</subfield>
    <subfield code="2">embne</subfield>
    <subfield code="9">11103</subfield>
  </datafield>
  <datafield tag="651" ind1=" " ind2="4">
    <subfield code="a">Grecia-</subfield>
    <subfield code="x">Usos y costumbres.</subfield>
    <subfield code="9">8786</subfield>
  </datafield>
  <datafield tag="651" ind1=" " ind2=" ">
    <subfield code="a">Roma-</subfield>
    <subfield code="x">Usos y costumbres.</subfield>
    <subfield code="9">9321</subfield>
  </datafield>
  <datafield tag="700" ind1="1" ind2=" ">
    <subfield code="a">Koner, W.</subfield>
    <subfield code="9">128480</subfield>
  </datafield>
  <datafield tag="700" ind1="1" ind2=" ">
    <subfield code="a">Giussani, Carlo.</subfield>
    <subfield code="9">127342</subfield>
  </datafield>
  <datafield tag="852" ind1=" " ind2=" ">
    <subfield code="a">ES-MaACL</subfield>
    <subfield code="j">G-3616   </subfield>
    <subfield code="z">- Enc. hol.</subfield>
  </datafield>
  <datafield tag="999" ind1=" " ind2=" ">
    <subfield code="c">154879</subfield>
    <subfield code="d">154879</subfield>
  </datafield>
  <datafield tag="952" ind1=" " ind2=" ">
    <subfield code="0">0</subfield>
    <subfield code="1">0</subfield>
    <subfield code="4">0</subfield>
    <subfield code="7">0</subfield>
    <subfield code="8">LIBXIX</subfield>
    <subfield code="a">ATENEOM</subfield>
    <subfield code="b">ATENEOM</subfield>
    <subfield code="c">DEPO2</subfield>
    <subfield code="d">2008-01-17</subfield>
    <subfield code="l">0</subfield>
    <subfield code="o">G-3616</subfield>
    <subfield code="p">1162005</subfield>
    <subfield code="r">2023-02-23 00:00:00</subfield>
    <subfield code="w">2023-02-23</subfield>
    <subfield code="y">MONANT</subfield>
  </datafield>
</record>
